|
|
|
|
| LEADER |
00000nab a2200000 i 4500 |
| 001 |
publ494 |
| 005 |
20150325152859.0 |
| 008 |
150325s2003 hu o 000 zxx d |
| 040 |
|
|
|a BGE Publikációtár Repozitórium
|b hun
|
| 100 |
1 |
|
|a Tátrai Anna
|
| 245 |
1 |
2 |
|a A folyamati (általános, generikus) benchmarking alkalmazása sikeres ipari SCM módszerek átültetésére élelmiszeripari és mezőgazdasági vállalatok gyakorlatába
|c Tátrai Anna
|h [elektronikus dokumentum]
|
| 260 |
|
|
|c 2003
|
| 300 |
|
|
|a 30-39
|
| 490 |
0 |
|
|a EU Working Papers
|v No. 1. sz.
|
| 650 |
|
4 |
|a társadalomtudományok
|
| 695 |
|
|
|a Benchmarking
|
| 695 |
|
|
|a Logisztika
|
| 856 |
4 |
0 |
|u https://publikaciotar.uni-bge.hu/id/eprint/494/1/ewp_0301_08.pdf
|z Dokumentum-elérés
|